000 00667cam a22002058i 4500
008 130919s2015 nyu 001 0 eng
020 _a9780078024221 (hard copy : alk. paper)
020 _a0078024226 (hard copy : alk. paper)
050 0 0 _aQH308.2
_b.M24
082 0 0 _a570
100 1 _aMader, Sylvia S.,
245 1 0 _aEssentials of biology /
_cSylvia S. Mader, Mader Enterprises, Michael Windelspecht, Appalachian State University.
250 _aFourth edition.
260 _aNew York
_bMcGraw hill education
_c2015
300 _a647p
_bill
500 _aIncludes index.
650 0 _aBiology
_vTextbooks.
700 1 _aWindelspecht, Michael,
942 _cBK
999 _c3821
_d3821